US Catholic Dioceses Map Quiz - South - Statistics

General Stats
  • This quiz has been taken 140 times
  • The average score is 23 of 33
Answers on the Map
Answers color-coded by a green-red scale on the quiz's map according to % correct below.
 
Answer Stats
Diocese % Correct
Archdiocese of Galveston-Houston
100%
Diocese of Phoenix
98%
Diocese of Dallas
97%
Diocese of El Paso
96%
Archdiocese of New Orleans
95%
Archdiocese of Santa Fe
92%
Archdiocese of Anchorage-Juneau
91%
Archdiocese of Oklahoma City
91%
Diocese of Baton Rouge
91%
Diocese of Honolulu
91%
Diocese of Little Rock
91%
Archdiocese of San Antonio
89%
Diocese of Austin
88%
Diocese of Tulsa
88%
Diocese of Tucson
86%
Diocese of Fairbanks
80%
Diocese of Amarillo
76%
Diocese of Fort Worth
76%
Diocese of Corpus Christi
73%
Diocese of Lubbock
65%
Diocese of Shreveport
64%
Diocese of Brownsville
59%
Diocese of Laredo
54%
Diocese of Las Cruces
53%
Diocese of Lafayette (in Louisiana)
50%
Diocese of Beaumont
38%
Diocese of Tyler
38%
Diocese of Lake Charles
37%
Diocese of Gallup
35%
Diocese of San Angelo
33%
Diocese of Alexandria
32%
Diocese of Houma-Thibodaux
29%
Diocese of Victoria
27%
No matching quizzes found
Score Distribution
Percent of People with Each Score
Percentile by Number Answered
Your Score History
You have not taken this quiz